Wszystkie kluby które zdobyły mistrzostwo Polski - Statystyki

Ogólne statystyki
  • Ten quiz został rozwiązany 328 razy
  • Średni wynik to 12 z 18
Statystyki odpowiedzi
Liczba
Mistrzostw
Odpowiedź % Poprawnych
15 Legia Warszawa
100%
7 Lech Poznań
98%
13 Wisła Kraków
90%
14 Ruch Chorzów
85%
14 Górnik Zabrze
84%
2 Śląsk Wrocław
78%
4 Widzew Łódź
76%
2 ŁKS Łódź
67%
2 Polonia Warszawa
67%
1 Piast Gliwice
66%
2 Zagłębie Lubin
64%
5 Cracovia Kraków
58%
2 Polonia Bytom
48%
2 Stal Mielec
48%
2 Warta Poznań
46%
4 Pogoń Lwów
40%
1 Szombierki Bytom
38%
1 Garbarnia Kraków
29%
Nie znaleziono quizów pasujących do podanych kryteriów
Rozkład punktacji
Procent ludzi z każdym wynikiem
Percentyl według liczby udzielonych odpowiedzi
Twoja historia wyników
Nie rozwiązałeś tego quizu